Microbiología médica (Registro nro. 2912)

Detalles MARC
000 -CABECERA
campo de control de longitud fija 00957nam a22002897a 4500
003 - IDENTIFICADOR DEL NÚMERO DE CONTROL
campo de control AR-RoIUNI
005 - FECHA Y HORA DE LA ÚLTIMA TRANSACCIÓN
campo de control 20241122062917.0
007 - CAMPO FIJO DE DESCRIPCIÓN FÍSICA--INFORMACIÓN GENERAL
campo de control de longitud fija ta
008 - DATOS DE LONGITUD FIJA--INFORMACIÓN GENERAL
campo de control de longitud fija 151028s2013 sp |||||r|||| 00| 0 spa d
020 ## - NÚMERO INTERNACIONAL ESTÁNDAR DEL LIBRO
Número Internacional Estándar del Libro 9788490224113
040 ## - FUENTE DE LA CATALOGACIÓN
Centro/agencia transcriptor AR-RoIUNI
Lengua de catalogación spa
Normas de descripción aarc2
080 ## - NÚMERO DE LA CLASIFICACIÓN DECIMAL UNIVERSAL
Número de la Clasificación Decimal Universal 576.8 MUR
100 1# - ENTRADA PRINCIPAL--NOMBRE DE PERSONA
9 (RLIN) 180
Nombre de persona Murray, Patrick R.
Fechas asociadas al nombre 1948-
245 10 - MENCIÓN DE TÍTULO
Título Microbiología médica
Mención de responsabilidad, etc. Patrick R. Murray, Ken S. Rosenthal, Michael A. Pfaller.
250 ## - MENCIÓN DE EDICIÓN
Mención de edición 7a. ed.
260 ## - PUBLICACIÓN, DISTRIBUCIÓN, ETC. (PIE DE IMPRENTA)
Lugar de publicación, distribución, etc. Ámsterdam
Nombre del editor, distribuidor, etc. Elsevier,
Fecha de publicación, distribución, etc. c2014.
300 ## - DESCRIPCIÓN FÍSICA
Extensión X, 872 p. :
Otras características físicas il. col. ;
Dimensiones 28 cm
504 ## - NOTA DE BIBLIOGRAFÍA, ETC.
Bibliografía, etc. Incluye bibliografía e índice.
505 0# - NOTA DE CONTENIDO CON FORMATO
Nota de contenido con formato Principios generales del diagnóstico de laboratorio. Conceptos básicos de la respuesta inmunitaria. Bacteriología. Virología. Micología. Parasitología.
650 #0 - PUNTO DE ACCESO ADICIONAL DE MATERIA--TÉRMINO DE MATERIA
Término de materia o nombre geográfico como elemento inicial Odontología
9 (RLIN) 546
650 #4 - PUNTO DE ACCESO ADICIONAL DE MATERIA--TÉRMINO DE MATERIA
Término de materia o nombre geográfico como elemento inicial MICROBIOLOGÍA
9 (RLIN) 143
650 10 - PUNTO DE ACCESO ADICIONAL DE MATERIA--TÉRMINO DE MATERIA
Término de materia o nombre geográfico como elemento inicial Microbiología
9 (RLIN) 143
650 10 - PUNTO DE ACCESO ADICIONAL DE MATERIA--TÉRMINO DE MATERIA
Término de materia o nombre geográfico como elemento inicial Medicina
9 (RLIN) 58
700 1# - PUNTO DE ACCESO ADICIONAL--NOMBRE DE PERSONA
9 (RLIN) 1
Nombre de persona Rosenthal, Ken S.
700 1# - PUNTO DE ACCESO ADICIONAL--NOMBRE DE PERSONA
Nombre de persona Pfaller, Michael A.
942 ## - ELEMENTOS DE PUNTO DE ACCESO ADICIONAL (KOHA)
Fuente del sistema de clasificación o colocación Clasificación Decimal Universal
Tipo de ítem Koha Libros
Existencias
Estado de retiro Estado de pérdida Fuente del sistema de clasificación o colocación Estado dañado Excepción de préstamo Código de colección Localización permanente Ubicación/localización actual Ubicación en estantería Fecha de adquisición Número de inventario Total de préstamos Renovaciones totales Signatura topográfica completa Código de barras Fecha visto por última vez Fecha del último préstamo Número de copia Precio válido a partir de Tipo de ítem Koha En préstamo Fuente de adquisición Nota pública
    Clasificación Decimal Universal     Odontología BIBLIOTECA RIOBAMBA BIBLIOTECA RIOBAMBA BIBLIOTECA RIOBAMBA 28/10/2015 2933 2 3 576.8 MUR 2933 08/05/2025 15/04/2025 1 28/10/2015 Libros      
    Clasificación Decimal Universal     Medicina BIBLIOTECA CENTRAL BIBLIOTECA CENTRAL BIBLIOTECA CENTRAL 08/10/2018 4286 37 29 576.8 MUR 4286c 09/04/2026 09/04/2026   08/10/2018 Libros 30/04/2026    
    Clasificación Decimal Universal     Medicina BIBLIOTECA CENTRAL BIBLIOTECA CENTRAL BIBLIOTECA CENTRAL 19/12/2019 6697 11 15 576.8 MUR 6697c 09/10/2024 09/10/2024   19/12/2019 Libros 14/10/2024 Donación Donado por: Antonio Carreras